00799 2200229 4500001002100000005001700021008004100038035002500079040001200104082001500116084002000131100001700151245014800168260007400316300003100390500004300421504002900464650002900493700001700522850001200539990001800551INLIS00000000000953520150811085117.0  a0010-081500000000973 aYOPDYOG 223a616.85 aSK 616.85 Yen F aYENI Rusiani aFaktor-faktor yang mempengaruhi kecemasan pada usia pertengahan dalam menghadapi proses menua di kelurahan Ngampilan Yogyakartac/ Yeni Rusiani aYogyakartabSekolah Tinggi Ilmu Kesehatan 'Aisyiyah Yogyakartaac2008 aix, 81 lembar.c; 29,5 cm. aSkripsi Program Studi Ilmu Keperawatan aBibliografi : hlm. 79-81 aDepresi pada usia lanjut aENDRI Astuti aYOPDYOG a47793-PD/A.15